header

Hydrology and the management of watersheds (Record no. 97749)

MARC details
000 -LEADER
fixed length control field 01523nam a2200385Ia 4500
082 04 - DEWEY DECIMAL CLASSIFICATION NUMBER
Classification number 627
100 1# - MAIN ENTRY--AUTHOR NAME
Personal name Brooks, Kenneth N.
245 10 - TITLE STATEMENT
Title Hydrology and the management of watersheds
250 ## - EDITION STATEMENT
Edition statement 4th ed.
260 ## - PUBLICATION, DISTRIBUTION, ETC. (IMPRINT)
Place of publication Ames, Ia. :
Name of publisher Wiley-Blackwell,
Year of publication 2012.
300 ## - PHYSICAL DESCRIPTION
Number of Pages xv, 533, [12] p. :
Other physical details ill.
500 ## - GENERAL NOTE
General note Rev. ed. of: Hydrology and the management of watersheds / Kenneth N. Brooks, et al. Iowa State University Press, 2003.
650 #0 - SUBJECT ADDED ENTRY--TOPICAL TERM
Topical Term Watershed management.
Topical Term Watersheds.
Topical Term Hydrology.
700 1# - ADDED ENTRY--PERSONAL NAME
Personal name Ffolliott, Peter F.
Personal name Magner, Joseph A.
856 40 - ELECTRONIC LOCATION AND ACCESS
Uniform Resource Identifier http://site.ebrary.com/lib/rucke/Doc?id=10607328

No items available.

© 2026 Rongo University
Contact us: librarian | system librarian | Rongo university